000
00254nam a2200109Ia 4500
008
220216s9999 xx 000 0 und d
100
_a
Nemy George
245
0
_a
Rubber: Asanka vende venda
260
_b
Karshaksree
_c
2009
300
_a
9-Aug
942
_c
JS
999
_c
68174
_d
68174